00303nam a2200109Ia 4500008004100000020001800041082001400059100003400073245005100107260001500158500002000173260604s9999 xx 000 0 und d a9789387692244 a174.4 VIS aVivek viswan v. m. m. sulphey 0aIntroduction to Business Ethics (PB 2023) (PP) bViva Books aBusiness Ethics